000 00299nam a22001217a 4500
040 _cHS
082 _a318
100 _aFAO
245 _aHorticultural chain management for countries of asia and the pacific region a training package
260 _aBangkok
_bFAO
_c2009
300 _a214p.
942 _cEK
999 _c8724
_d8724